000 00336nam a22001577a 4500
003 SGT
020 _a978-81-265-1414-4
082 _a615.19
_bI20M
100 _aMIESSLER,GARY L.
245 _aINORGANIC CHEMISTRY
250 _a3RD
260 _aNEW DELHI
_bPEARSON
_c2020
300 _a740
650 _aPHARMACY
942 _2ddc
_cBK
_05
999 _c20509
_d20509